000 00759 a2200169 4500
999 _c10212
_d10212
020 _a9780297871538
050 _aE302.6 GOO 2016
100 _aGoodwin, George,
_d 1956-
_eauthor
245 _aBenjamin Franklin in London :
_bthe British life of America's founding father /
_cGeorge Goodwin
264 _aNew Haven :
_bYale University Press,
_c2016.
300 _a online resource (xiii, 365 pages, 16 unnumbered pages of plates) : illustrations (chiefly color), portraits
500 _alncludes index
650 _a Franklin, Benjamin, -- 1706-1790 -- Friends and associates.
650 _aGreat Britain -- Politics and government -- 18th century.
650 _aAmericans -- England -- London -- History -- 18th century
942 _2lcc
_cBK
_h302.6
_iGOO
_kE